000 00555nam a22001817a 4500
005 20251108173401.0
008 250721s2004 xx 000 0 ara d
082 1 4 _aط/818.02/بدي
100 1 _aبديع، محمود
245 1 0 _a150 قصة من قصص العرب وحكمهم /
264 1 _aعمان :
_bدار الإسراء للنشر والتوزيع،
_c2004.
300 _a96ص.
650 1 7 _aالقصص العربية
650 1 7 _aالحكمة
653 _aناشئون كبار (15-18سنة)
942 _2ddc
_cBK
999 _c102608
_d102608